Devinez le Département Mystère #26 - Statistiques

Statistiques générales
  • Ce quiz a été pris 245 fois
  • Le résultat moyen est 25 sur 33
Statistiques - réponses
Type de Réponse Réponse % Correct
Lettre Trouvée E
100%
Lettre de l'Alphabet R
99%
Lettre Trouvée A
98%
Lettre de l'Alphabet N
98%
Lettre Trouvée I
97%
Lettre Trouvée O
97%
Lettre Trouvée S
97%
Lettre de l'Alphabet L
93%
Lettre de l'Alphabet T
93%
Lettre de l'Alphabet U
93%
Lettre de l'Alphabet D
92%
Lettre de l'Alphabet C
89%
Lettre de l'Alphabet H
87%
Lettre de l'Alphabet M
86%
Lettre Bien Placée E
82%
Lettre de l'Alphabet G
79%
Lettre Trouvée V
79%
Lettre de l'Alphabet B
78%
Lettre de l'Alphabet Y
77%
Lettre de l'Alphabet P
76%
Lettre de l'Alphabet F
70%
Lettre de l'Alphabet Z
64%
Lettre de l'Alphabet Q
60%
Lettre Bien Placée A
59%
Lettre de l'Alphabet J
59%
Lettre de l'Alphabet X
56%
Lettre Bien Placée I
54%
Lettre de l'Alphabet K
54%
Lettre Bien Placée O
54%
Lettre Bien Placée S
54%
Département Mystère Savoie
54%
Lettre Bien Placée V
54%
Lettre de l'Alphabet W
54%
Aucun quiz correspondant
Distribution des résultats
% des personnes avec chaque résultat
Percentile par nombre de réponses
Votre historique - résultats
Vous n’avez pas pris ce quiz